Word Ladder #9 – Color Wheel Edition - Statistics

General Stats
  • This quiz has been taken 1,510 times
  • The average score is 14 of 29
Answer Stats
Hint Answer % Correct
Primary color. Communist. Red
99%
How to get ___ of mice. Rid
91%
Secondary color. Netherlands. Orange
73%
Primary color. Afraid. Yellow
69%
Money doesn’t ____ on trees. Grow
68%
Primary color. Depressed. Blue
66%
Home on the _____. Range
62%
Back to our starting color. Red
61%
Secondary color. Unseasoned. Green
55%
Swans, ducks and… Geese
54%
Secondary color. Royal. Purple
54%
Tupac’s genre. Rap
52%
Shine, little ____ worm. Glow
50%
Elmer’s, for example. Glue
50%
Atomic City: Oak _____, TN. Ridge
47%
Cosby’s fave dessert. Jello
46%
Where is Thessaloniki? Greece
45%
Friendly Casper’s comment. Boo
43%
Rewrite for other instruments. Arrange
42%
Another abbrev. for GOP. Rep
41%
Reaction to a pun. Groan
33%
DC comics hero Green _____. Arrow
31%
Descend a cliff with ropes. Rappel
31%
Duelist who killed Hamilton. Burr
29%
Tabby’s comment. Purr
26%
Jeans brand? I suppose. Guess
21%
We don’t care what Mama don’t _____. Allow
16%
Lout, vulgarian. Boor
13%
Artist’s canvas preparation material. Gesso
9%
No matching quizzes found
Score Distribution
Percent of People with Each Score
Percentile by Number Answered
Your Score History
You have not taken this quiz